00804nam a2200193 a 450000100100000000500170001000800410002704000250006804100390009308200130013210000190014524000760016424501480024026000450038830000280043353400970046170000270055870000250058500002445820200930023202.0110127s1974 sp a r 001 0 spa d aDO-SdBNPbspacBNPHU17aspahfre2Código de idiomas MARC ann*bnn*1 aKlinger, Fred.10aMais oui, vous comprenez le calcul integral et differentiel!lEspañol14a¿El cálculo integral y diferencial?... :b¡pero si es muy fácil! /cFred Klinger ; traducción de Luis Ibañez ; prólogo Jean Quinet. aBarcelona :bTécnicas Marcombo,c1974. a262 p. :bil. ;c21 cm. aTítulo de la obra original :tMais oui, vous comprenez le calcul integral et differentiel!1 aQuinetm Jean,epról.1 aIbañez, Luis,etr.